000 01016nam a22002417a 4500
999 _c9323
_d9323
003 AR-CdUCM
008 190327b ||||| |||| 00| 0 spa d
040 _aMUNICIPALIDAD PROVINCIAL DEL CUSCO
_cBIBLIOTECA MUNICIPAL DEL CUSCO
082 _a374.34 /
_bC46
100 _aCéspedes Bedregal, Jesús Teófilo
_925439
245 _aEducación fundamental en México y Perú :
_bsu interpretación /
260 _aSantiago de Chile :
_bGerminal,
_c1955.
300 _a223 páginas ;
_c19 cm.
500 _a Con dedicatoria a Luis Nieto -- Donación de la familia Nieto
505 _aContenido : Educación fundamental a través de la historia -- Educación fundamental en la cultura Maya -- La cultura Inca y la Educación fundamental -- Comparación de la educación Azteca y Maya con la Inca del Tawantinsyo...
650 _aEducación
_9460
650 _aInca
_9421
650 _aAzteca
_9674
650 _aMaya
_92869
700 _aMarta Amaro Vergara (Prologo)
_925440
942 _2ddc
_cLIBROS
945 _admma